Score 0/9 Timer 01:30
0 Plays Today
% Correct
Phoenix
84.8%
Austin
83.8%
Oklahoma City
82.9%
Pierre
80%
St. Paul
73.3%
Bismarck
73.3%
Topeka
71.4%
Helena
71.4%
Lincoln
64.8%
Remove Ads.
Support Sporcle.
Get the best of Sporcle when you Go Orange. This ad-free experience offers more features, more stats, and more fun while also helping to support Sporcle. Thank you for becoming a member.

You're not logged in!

Compare scores with friends on all Sporcle quizzes.
OR
Log In

Show Comments

Extras

Top Quizzes Today


Score Distribution

Your Account Isn't Verified!

In order to create a playlist on Sporcle, you need to verify the email address you used during registration. Go to your Sporcle Settings to finish the process.

Report this User

Report this user for behavior that violates our Community Guidelines.

Details: